| 000 | 00449nam a2200193Ia 4500 | ||
|---|---|---|---|
| 005 | 20250423095149.0 | ||
| 008 | 250422s9999 xx 000 0 und d | ||
| 020 | _a9788126144372 | ||
| 050 | _aP 90 .S53/ | ||
| 100 | _aSiddiqui, Hasan | ||
| 245 | 0 | _aElectronic media | |
| 250 | _aRev. 1st ed. | ||
| 260 | _aNew Delhi | ||
| 260 | _bAnmol Publications Pvt. Ltd. | ||
| 260 | _c2011 | ||
| 300 | _a288 p | ||
| 650 | _aMass media. | ||
| 942 | _cBK | ||
| 999 |
_c29435 _d29435 |
||